000 00581nam a2200217Ia 4500
008 101110s9999 xx 000 0 und d
041 _aENGLISH
082 _bSR33496
100 _aBhole K.G., Shroff Adarsh & Ranade Abhay J.
245 _aA new Course in physics Vol. I SYBSc
260 _c2009
_bSheth publishers, Mumbai
300 _a125
365 _b125
520 _aPhysics
546 _aENGLISH
630 _aA new Course in physics Vol. I SYBSc
650 _aPhysics
655 _aPhysics
730 _aA new Course in physics Vol. I SYBSc
942 _cBOOK
999 _c825997
_d825994